000 00312nam a2200145Ia 4500
003 OSt
008 191201s2016 xx 000 0 und d
082 _a658.8
_bISL
100 _aISMAIL,Reji
245 0 _aLogistics Management
260 _bExcel Books
_c2016
300 _a350
650 _aMBA
942 _2ddc
_cBK
999 _c7134
_d7134